Servicio de Extensión de Enseñanzas Técnicas : Editorial y Centro de Enseñanzas por Correspondencia : Estudios de Cultura General y Gramática Castellana : Mecánica y Electricidad y Enseñanzas Agrícolas por Correspondencia Editorial y Centro de Enseñanzas por Correspondencia :
Descripción Física:
15 p. ; 22 cm
MARC
| LEADER | 00000nam a2200000Ia 4500 | ||
|---|---|---|---|
| 001 | 11346 | ||
| 008 | 160829s9999 xx 000 0 cat d | ||
| 080 | |a FU-5-69 | ||
| 100 | |a Servicio de Extensión de Enseñanzas Técnicas |9 22818 | ||
| 245 | |a Servicio de Extensión de Enseñanzas Técnicas : |b Editorial y Centro de Enseñanzas por Correspondencia : |b Estudios de Cultura General y Gramática Castellana : |b Mecánica y Electricidad y Enseñanzas Agrícolas por Correspondencia | ||
| 260 | |a Barcelona : |b (Imp. Casa Prov. de Caritat), [s.a.] | ||
| 300 | |a 15 p. ; |c 22 cm | ||
| 590 | |a A la part superior de la portada: Diputación Provincial de Barcelona. | ||
| 650 | |a Servicio de Extensión de Enseñanzas Técnicas |9 26879 | ||
| 650 | |a Ensenyament tècnic |9 26880 | ||
| 901 | |a Arxiu | ||
| 942 | |n 1 | ||
| 952 | |0 0 |1 0 |4 0 |6 FU569 |7 1 |9 54956 |a Arxiu |b Arxiu |d 2016-12-01 |l 0 |o FU-5-69 |p 11346 |r 2016-12-01 00:00:00 |w 2016-12-01 |y ARXIU | ||
| 999 | |c 58826 |d 58826 | ||